00717nam a22002057a 450000500170000001000150001702000260003203500140005803700130007208200120008510000190009724500570011626000520017327000570022530000210028250000230030394200260032699900190035295201400037120170320142338.0 aENG-117523 a9788171773176c850.00 aEN-101055 bDBAD/PUB a346.048 aSingh, Vandana aThe law geographical indications /cby Vandana Singh aNew DelhibEastern Law House Private Ltd.c2017 a36, Netaji Subhash Marg DaryaganjbNew Delhie110002 a532p.:b22cm(Hb) a Includes index  2ddccENh346.048mSIN c138339d138339 001040708NFICaLbLd2017-03-20eDBADg850.00l1o346.048 SINpEN-101055r2026-05-21 16:58:20s2026-05-05t1v850.00w2017-03-20yEN